000 003740000a22001210004500
090 _aAR
_b04104
245 1 0 _aOrchidaceae
_suna nueva especie de Masdevallia de la Cordillera Occidental de Colombia
041 0 _aEspañol
700 1 _aCalderón Sáenz, Eduardo
_93427
100 1 _aOrtíz V., Pedro
_912571
942 _cARTICULO
773 1 _tOrquideología
_h2
_q120-125
_d2002
_g22
999 _c13202
_d13202